Normal view
MARC view
- Khan, Hina
Entry Personal Name
001 - CONTROL NUMBER
- control field: 15215
003 - CONTROL NUMBER IDENTIFIER
- control field: NUST
005 - DATE AND TIME OF LATEST TRANSACTION
- control field: 20190620102316.0
008 - FIXED-LENGTH DATA ELEMENTS
- fixed length control field: 190620|| aca||aabn | a|a d
040 ## - CATALOGING SOURCE
- Original cataloging agency: NUST
- Transcribing agency: NUST
100 ## - HEADING--PERSONAL NAME
- Personal name: Khan, Hina
670 ## - SOURCE DATA FOUND
- Source citation: Work cat.: (NUST): Khan, Hina, Morhi De Diva :, 2006.
